The recovery of confidence

Đã lưu trong:
書目詳細資料
主要作者: Gardner, John W.
格式: 圖書
語言:Undetermined
出版: New York Norton 1970
主題:
標簽: 添加標簽
沒有標簽, 成為第一個標記此記錄!
Thư viện lưu trữ: Trung tâm Học liệu Trường Đại học Cần Thơ
LEADER 00492nam a2200193Ia 4500
001 CTU_90205
008 210402s9999 xx 000 0 und d
082 |a 309.1 
082 |b G226 
100 |a Gardner, John W. 
245 4 |a The recovery of confidence 
245 0 |c John W. Gardner 
260 |a New York 
260 |b Norton 
260 |c 1970 
650 |a United states 
650 |x Social policy 
904 |i Năm,Hải 
980 |a Trung tâm Học liệu Trường Đại học Cần Thơ